Music Quiz

Random Music or Billboard Quiz

Top 10 Artists Each Year (1970s) Quiz Stats

 Plays Quiz Updated Apr 10, 2013

Challenge
Share
Tweet
Score 0/100 Timer 10:00
2 Plays Today
Year Artist % Correct
1970The Beatles
82.1%
1973Elton John
81%
1974Elton John
81%
1975Elton John
81%
1972Michael Jackson
79.6%
1971Bee Gees
70.9%
1975Bee Gees
70.9%
1976Bee Gees
70.9%
1978Bee Gees
70.9%
1979Bee Gees
70.9%
1973Paul McCartney & Wings
64.9%
1974Paul McCartney & Wings
64.9%
1976Paul McCartney & Wings
64.9%
1970The Jackson 5
64.4%
1971The Jackson 5
64.4%
1974The Jackson 5
64.4%
1974Terry Jacks
57.3%
1978Donna Summer
55.7%
1979Donna Summer
55.7%
1975Eagles
55.7%
1977Eagles
55.7%
1970Diana Ross
55.5%
1976Diana Ross
55.5%
1973Stevie Wonder
48.7%
1977Stevie Wonder
48.7%
1973Paul Simon
48.6%
1977Fleetwood Mac
46%
1978Chic
43.9%
1979Chic
43.9%
1974Olivia Newton-John
42.3%
1975Olivia Newton-John
42.3%
1978Olivia Newton-John
42.3%
1971Marvin Gaye
40.7%
1973Marvin Gaye
40.7%
Year Artist % Correct
1970Carpenters
39.8%
1971Carpenters
39.8%
1973Carpenters
39.8%
1974Barbra Streisand
39.5%
1977Barbra Streisand
39.5%
1979Barbra Streisand
39.5%
1970Simon and Garfunkel
38.7%
1971Rod Stewart
37.9%
1976Rod Stewart
37.9%
1977Andy Gibb
35.2%
1978Andy Gibb
35.2%
1971Carole King
34%
1974Ringo Starr
33.6%
1978Commodores
32.5%
1979Commodores
32.5%
1970Creedence Clearwater Revival
32%
1971Donny Osmond
31.7%
1975KC & The Sunshine Band
31.3%
1977KC & The Sunshine Band
31.3%
1979Gloria Gaynor
29.4%
1974John Denver
29%
1975John Denver
29%
1970Three Dog Night
28.1%
1971Three Dog Night
28.1%
1976Barry Manilow
27.7%
1972Al Green
26.6%
1978John Travolta
25.7%
1975Linda Ronstadt
25.5%
1971The Osmonds
25%
1976Captain & Tennille
23.8%
1978Foreigner
23.3%
1972America
23.2%
1973Gladys Knight & The Pips
22.4%
1974Gladys Knight & The Pips
22.4%
Year Artist % Correct
1972Roberta Flack
22.4%
1975Captain & Tennille
22.3%
1977Debby Boone
21.7%
1970Bread
20.4%
1971Tony Orlando & Dawn
20.3%
1973Tony Orlando & Dawn
20.3%
1970The Guess Who
20.3%
1973Jim Croce
20.2%
1979Village People
18.8%
1977Shaun Cassidy
16.9%
1972Don McLean
16.6%
1975Neil Sedaka
16.4%
1975Glen Campbell
16.2%
1974Ray Stevens
16.1%
1979The Knack
16%
1970B.J. Thomas
14.8%
1977Leo Sayer
13.9%
1972Gilbert O'Sullivan
12.8%
1979Anita Ward
11.7%
1972Nilsson
11.2%
1979Peaches & Herb
11.1%
1976Wild Cherry
10.6%
1972Bill Withers
10.3%
1976Rick Dees & His Cast of Idiots
10.1%
1973Billy Preston
9.4%
1978Exile
8.8%
1976Walter Murphy & The Big Apple Band
8.4%
1978A Taste of Honey
8.2%
1972Looking Glass
7.9%
1977The Emotions
7.8%
1976Gary Wright
7.2%
1972Joe Tex
6.5%

You're not logged in!

Compare scores with friends on all Sporcle quizzes.
Join for Free
OR
Log In

You Might Also Like...

Show Comments

Extras

Top Quizzes Today


Score Distribution

Your Account Isn't Verified!

In order to create a playlist on Sporcle, you need to verify the email address you used during registration. Go to your Sporcle Settings to finish the process.

Report this User

Report this user for behavior that violates our Community Guidelines.

Details: